Gente de aspromonte /
Guardado en:
| Autor Principal: | |
|---|---|
| Formato: | Libro |
| Publicado: |
Cesena :
Pilar Capanaga,
2001
|
| Series: | Un mar de sueños; 3
|
| Materias: | |
| Etiquetas: |
Agregar Etiqueta
Sin Etiquetas, Sea el primero en etiquetar este registro!
|
| LEADER | 00592nam a22002175a 4500 | ||
|---|---|---|---|
| 001 | CEM.cems012300 | ||
| 005 | 20060914074017.0 | ||
| 008 | 130507s2001##################000#0#####d | ||
| 003 | CEMS | ||
| 020 | |a 888840502X | ||
| 082 | 0 | 4 | |a 853.9 |
| 100 | 1 | |a Alvaro, Corrado | |
| 245 | 1 | 0 | |a Gente de aspromonte / |c Corrado Alvaro |
| 260 | |a Cesena : |b Pilar Capanaga, |c 2001 | ||
| 300 | |a 111 p. | ||
| 490 | 0 | |a Un mar de sueños; 3 | |
| 653 | |a Literatura | ||
| 653 | |a Literatura italiana | ||
| 653 | |a Novelas | ||
| 653 | |a Novelas italianas | ||
| 859 | |a CEMS |b BIB. CEMS - 11 de abril |h 853.9 |i AL76 |p 22426.04 |t Ej.1 | ||
